000 00494nam a2200181 a 4500
005 20260421111200.0
008 260416s2026##################000#0#eng##
020 _a9781590847244
_qhbk
041 _aEng
082 0 4 _a362.280835 MAR
100 _aMarcovitz,Hal.
245 1 0 _aTeens&Suicide.
_c/by Hal Marcovitz.
250 _a1st ed
260 _aNew Jersey:
_bMason Crest Publishers,
_c2004.
300 _a112p.
_c24cm.
650 _aSocial Problems, Social Science.
942 _cENGLISH
999 _c619514
_d619514